00957nam a2200229 a 450000100100000000500170001000800410002704000250006808200230009324501090011626001190022530000350034450400740037965000550045365100510050865100530055970000190061270000180063170000290064970000290067870000200070700000292320260317154539.0090706s1989 dr ad 000 0 spa d aDO-SdBNPbspacBNPHU a382.71097293bZ87f04aLas zonas francas industriales :bel éxito de una política económica /cAlfonso Abreu... [et al.]. aSanto Domingo :bCentro de Orientación Económica : Centro Internacional para el Desarrollo Económico,c1989. a206 p. :bil., graf. ;c23 cm. aIncluye referencias bibliográficas y notas al pie de las páginas. 0aZonas francas industrialeszRepública Dominicana 4aRepública DominicanaxPolítica Económica 4aRepública DominicanaxCondiciones Económicas12aAbreu, Alfonso12aCocco, Manual12aDespradel, Carlosd1942-12aGarcía Michel, Eduardo12aPeguero, Arturo